000 00609nam a2200193Ia 4500
008 131103s9999 xx 000 0 und d
040 _aLoreto College
041 _aEnglish
082 _a396/JAI/305.42/IND
_bLCLIB/23406
245 _aIndian Women
_cedited by Devaki Jain
260 _a[New Delhi]
_bPublications Division,Ministry of Information and Broadcasting,Govt. of India
_c1975
300 _axxvii,312 p.
_c 21 cm.
630 _aIndian Women - Social Conditions
650 _aWomen - Social Conditions
651 _aWomen Studies
700 _aJain,Devaki,ed.
850 _aLCLIB
942 _cBK
999 _c11348
_d61827